000 01965nim a2200421 i 4500
001 197342
003 ES-MaACL
005 20250828062628.0
007 ss lsnjlcipnne
008 140525s1991 sp nnnn |||| 00| spa d
040 _bspa
_cES-MaACL
245 0 0 _aHomenaje a Josep Pla
_h[Grabación sonora] /
_cintervienen Luis Apostua Palos, Ignacio Buqueras y Bach, José Prat y Jesús Vasallo Ramos.
260 _aMadrid :
_bAteneo de Madrid,
_c1991
300 _a1 casete (ca. 90 min) :
_bson. ;
_c11 cm
336 _2rdacontent
_atexto
337 _2rdamedia
_asin mediación
338 _2rdacarrier
_avolumen
490 1 _3Actos culturales en el Ateneo de Madrid
511 _a Intervienen Luis Apostua Palos, presidente de la Federación de Asociaciones de la Prensa Española; Ignacio Buqueras y Bach, escritor, periodista y empresario; José Prat, presidente del Ateneo de Madrid y Jesús Vasallo Ramos, presidente de la Federación Internacional de Periodistas y Escritores de Turismo.
518 _aGrabado el 23 de abril de 1991 en el Salón de Actos del Ateneo de Madrid.
520 _aHomenaje al escritor y periodista Josep Pla por el X aniversario de su fallecimiento.
540 _aDocumento inédito
594 _5Datos basados en la invitación.
600 1 7 _aPla, Josep,
_d1897-1981
_2
_9164614
610 2 0 _aAteneo de Madrid-
_xActos culturales-
_y1991-
_vGrabaciones sonoras
_9240452
653 _aArchivo de la palabra
655 0 _aConferencias
_9234444
700 1 _9240596
_aApostua, Luis,
_d1925-1997
_eora
700 1 _9137449
_aBuqueras y Bach, Ignacio,
_d1942-
_eora
700 _9240597
_aVasallo Ramos, Jesús
_eora
700 1 _993665
_aPrat, José,
_d1905-1994
_eora
710 2 _aAteneo de Madrid
_ehis
_91875
830 0 _aActos culturales en el Ateneo de Madrid
_9240237
852 _aES-MaACL
_cDEPOZ
_9205651
942 _2udc
_n0
_cCINTASAUD
999 _c197342
_d197342